[Event "Heusenstamm Schloss op"]
[Site "Heusenstamm"]
[Date "2023.11.24"]
[Round "2"]
[White "Arkhipenko, Denis"]
[Black "Hank, Holger"]
[Result "1/2-1/2"]
[WhiteElo "1658"]
[BlackElo "1951"]
[PlyCount "66"]
[EventDate "2023.11.23"]
[EventType "swiss"]
[EventRounds "7"]
[EventCountry "GER"]
[SourceTitle "CB50_2023"]
[SourceDate "2023.12.13"]
[SourceVersion "1"]
[SourceVersionDate "2023.12.13"]
[SourceQuality "1"]

1. d4 g6 2. Bf4 Bg7 3. e3 d6 4. c4 e5 5. Bg3 exd4 6. exd4 Nc6 7. Nf3 Bg4 8. Be2 Bxf3 9. Bxf3 Qe7+ 10. Kf1 Nh6 11. Nc3 0-0 12. d5 Ne5 13. Bxe5 Qxe5 14. g3 Nf5 15. Kg2 Rae8 16. Re1 Qf6 17. Qd2 Nd4 18. Be2 Re7 19. f4 Rfe8 20. Bd3 Nf5 21. Rxe7 Rxe7 22. Bxf5 Qxf5 23. Re1 Rxe1 24. Qxe1 Qc2+ 25. Qf2 Qxf2+ 26. Kxf2 a6 27. Nd1 Bd4+ 28. Kf3 f5 29. b3 Kf7 30. h3 h6 31. Ke2 Kf6 32. Kd3 Bg1 33. Nc3 g5 1/2-1/2

[Event "Heusenstamm Schloss op"]
[Site "Heusenstamm"]
[Date "2023.11.23"]
[Round "1"]
[White "Hank, Holger"]
[Black "Valean, David Andrei"]
[Result "0-1"]
[WhiteElo "1951"]
[BlackElo "1572"]
[PlyCount "110"]
[EventDate "2023.11.23"]
[EventType "swiss"]
[EventRounds "7"]
[EventCountry "GER"]
[SourceTitle "CB48_2023"]
[SourceDate "2023.11.29"]
[SourceVersion "1"]
[SourceVersionDate "2023.11.29"]
[SourceQuality "1"]

1. c4 e5 2. g3 Nf6 3. Bg2 Bc5 4. Nc3 d6 5. Nf3 Nc6 6. a3 a5 7. b3 0-0 8. 0-0 Bg4 9. h3 Bh5 10. Bb2 Bd4 11. d3 Qd7 12. e3 Bxc3 13. Bxc3 e4 14. dxe4 Nxe4 15. Bb2 Bxf3 16. Bxf3 Ng5 17. Bg2 Nxh3+ 18. Kh2 Ng5 19. Qh5 Qe7 20. Rad1 Ne4 21. Rd5 Nf6 22. Qg5 h6 23. Bxf6 Qxf6 24. Qxf6 gxf6 25. g4 Ne5 26. Kg3 a4 27. f4 Ng6 28. b4 Rfe8 29. e4 Kg7 30. Rh1 Ne7 31. Rdh5 Rh8 32. Bf3 Nc6 33. Rd5 Ne7 34. Rb5 Ra7 35. Rbh5 Nc6 36. Rd1 Ne7 37. Kf2 Ng6 38. Ke3 Ne7 39. Rdh1 Raa8 40. e5 fxe5 41. fxe5 dxe5 42. Rxe5 Ng6 43. Rb5 Rae8+ 44. Kf2 b6 45. Rf5 Ne5 46. Be2 Nc6 47. Rd5 Re5 48. Rd7 Re7 49. Rxe7 Nxe7 50. Rd1 Ng6 51. Rd4 Ne5 52. Bd1 c5 53. bxc5 bxc5 54. Rd5 Nxc4 55. Bxa4 Nb6 0-1

[Event "GER-ch Net Amateur Gr-A Vor3"]
[Site "Playchess.com INT"]
[Date "2020.04.16"]
[Round "5"]
[White "Mueller, Adrian"]
[Black "Hank, Holger"]
[Result "1/2-1/2"]
[WhiteElo "1929"]
[BlackElo "1765"]
[PlyCount "128"]
[EventDate "2020.04.16"]
[EventType "swiss (blitz)"]
[EventRounds "9"]
[EventCountry "GER"]
[SourceTitle "CBM 195 Extra"]
[Source "ChessBase"]
[SourceDate "2020.05.31"]
[SourceVersion "1"]
[SourceVersionDate "2020.05.31"]
[SourceQuality "1"]

1. e4 e6 2. d4 d5 3. Nc3 Nf6 4. e5 Nfd7 5. f4 c5 6. Nf3 Nc6 7. Be3 a6 8. Qd2 b5 9. a3 g5 10. fxg5 cxd4 11. Nxd4 Ncxe5 12. Be2 Bb7 13. 0-0 Nc4 14. Bxc4 dxc4 15. Qf2 Ne5 16. Bf4 Ng4 17. Qd2 Bg7 18. Rad1 Qb6 19. h3 0-0-0 20. hxg4 Bxd4+ 21. Kh1 e5 22. Bg3 Qc6 23. Qe2 h6 24. g6 fxg6 25. Rf7 h5 26. g5 h4 27. Bh2 h3 28. Rxb7 hxg2+ 29. Qxg2 Qxg2+ 30. Kxg2 Kxb7 31. Ne4 Rh4 32. Nc5+ Kb6 33. Ne6 Rdh8 34. Bg3 Rg4 35. Kf3 Rxg3+ 36. Kxg3 Bxb2 37. Rd6+ Ka5 38. Nc5 b4 39. axb4+ Kxb4 40. Nxa6+ Kc3 41. Rxg6 Kxc2 42. Rc6 c3 43. g6 Rg8 44. Kf3 Kd3 45. Nb4+ Kd4 46. Nc2+ Kd3 47. Nb4+ Kd4 48. Nc2+ Kd3 49. Ne1+ Kd2 50. Rd6+ Kc1 51. Ke2 c2 52. Rc6 Kb1 53. Nxc2 Rxg6 54. Na3+ Bxa3 55. Rxg6 Bb2 56. Kd2 Bd4 57. Rc6 Kb2 58. Rc8 Kb3 59. Rb8+ Kc4 60. Rc8+ Kd5 61. Ra8 Ke4 62. Rg8 Kd5 63. Rg5 Ke4 64. Rxe5+ Kxe5 1/2-1/2

[Event "Mittelrhein Verbandsliga-S 18/19"]
[Site "Nordrheinwestfalen"]
[Date "2019.05.19"]
[Round "11.2"]
[White "Richter, Dirk"]
[Black "Hank, Holger"]
[Result "1/2-1/2"]
[WhiteElo "2043"]
[BlackElo "1926"]
[PlyCount "60"]
[EventDate "2018.09.02"]
[EventType "team-tourn"]
[EventRounds "11"]
[EventCountry "GER"]
[SourceTitle "EXT 2022"]
[Source "ChessBase"]
[SourceDate "2021.10.06"]
[SourceVersion "1"]
[SourceVersionDate "2021.10.06"]
[SourceQuality "1"]
[WhiteTeam "Siebengebirge"]
[BlackTeam "Bruehl II"]
[WhiteTeamCountry "GER"]
[BlackTeamCountry "GER"]

1. c4 e5 2. Nc3 Nc6 3. g3 g6 4. Bg2 Bg7 5. Nf3 d6 6. d3 f5 7. Bd2 Nf6 8. Rb1 h6 9. b4 a6 10. a4 0-0 11. b5 axb5 12. axb5 Ne7 13. 0-0 g5 14. Ra1 Rxa1 15. Qxa1 f4 16. Qa8 b6 17. Ra1 fxg3 18. hxg3 e4 19. dxe4 Ng4 20. Rf1 Qe8 21. Nd5 Nxd5 22. Qxd5+ Be6 23. Qd3 Qf7 24. Rc1 Ne5 25. Nxe5 Qxf2+ 26. Kh2 Bxe5 27. Bc3 Qc5 28. Bxe5 Qxe5 29. e3 Ra8 30. Qd4 Ra5 1/2-1/2

[Event "Mittelrhein Verbandsliga-S 18/19"]
[Site "Nordrheinwestfalen"]
[Date "2019.02.10"]
[Round "7.2"]
[White "Hank, Holger"]
[Black "Dreiocker, Andreas"]
[Result "1/2-1/2"]
[WhiteElo "1929"]
[BlackElo "1869"]
[PlyCount "67"]
[EventDate "2018.09.02"]
[EventType "team-tourn"]
[EventRounds "11"]
[EventCountry "GER"]
[SourceTitle "EXT 2022"]
[Source "ChessBase"]
[SourceDate "2021.10.06"]
[SourceVersion "1"]
[SourceVersionDate "2021.10.06"]
[SourceQuality "1"]
[WhiteTeam "Bruehl II"]
[BlackTeam "Bergische SF II"]
[WhiteTeamCountry "GER"]
[BlackTeamCountry "GER"]

1. g3 e5 2. c4 Nf6 3. Bg2 Nc6 4. Nc3 d6 5. a3 Bf5 6. Nf3 Qd7 7. d4 exd4 8. Nxd4 Nxd4 9. Qxd4 c6 10. Bg5 Be7 11. 0-0-0 0-0 12. h3 h6 13. Bf4 Rfd8 14. e4 Be6 15. Kb1 a5 16. g4 Ne8 17. Be3 b5 18. cxb5 cxb5 19. Nd5 Bxd5 20. Qxd5 Nf6 21. Qd4 Rab8 22. Qa7 a4 23. Qxd7 Rxd7 24. f4 b4 25. axb4 Rxb4 26. Bd4 Rc7 27. Rd3 Rcc4 28. Bc3 Rb3 29. e5 dxe5 30. fxe5 Ne4 31. Bxe4 Rxe4 32. Rhd1 Rc4 33. Ka2 Bb4 34. Bd4 1/2-1/2

[Event "Mittelrhein Verbandsliga-S 18/19"]
[Site "Nordrheinwestfalen"]
[Date "2019.01.20"]
[Round "6.3"]
[White "Hank, Holger"]
[Black "Boehmer, Marcus"]
[Result "1-0"]
[WhiteElo "1929"]
[BlackElo "1790"]
[PlyCount "63"]
[EventDate "2018.09.02"]
[EventType "team-tourn"]
[EventRounds "11"]
[EventCountry "GER"]
[SourceTitle "EXT 2022"]
[Source "ChessBase"]
[SourceDate "2021.10.06"]
[SourceVersion "1"]
[SourceVersionDate "2021.10.06"]
[SourceQuality "1"]
[WhiteTeam "Bruehl II"]
[BlackTeam "Koeln Lasker III"]
[WhiteTeamCountry "GER"]
[BlackTeamCountry "GER"]

1. Nf3 d5 2. c4 e6 3. g3 Nf6 4. Bg2 c6 5. b3 Be7 6. 0-0 0-0 7. Bb2 Nbd7 8. Nc3 b6 9. e3 Bb7 10. Qe2 Qc7 11. Rac1 dxc4 12. bxc4 Rad8 13. d4 c5 14. Rfd1 Rfe8 15. d5 exd5 16. cxd5 a6 17. Nh4 g6 18. d6 Bxd6 19. Bxb7 Bxg3 20. hxg3 Qxb7 21. Qf3 Qxf3 22. Nxf3 Nb8 23. Na4 Nfd7 24. Rd6 Re6 25. Rcd1 Rc8 26. Rxd7 Nxd7 27. Rxd7 b5 28. Nxc5 Rec6 29. Ne4 Rc2 30. Nf6+ Kf8 31. Be5 Rxa2 32. Ng5 1-0

[Event "Mittelrhein Verbandsliga-S 18/19"]
[Site "Nordrheinwestfalen"]
[Date "2018.11.18"]
[Round "4.2"]
[White "Gahler, Cornelius"]
[Black "Hank, Holger"]
[Result "0-1"]
[WhiteElo "2074"]
[BlackElo "1929"]
[PlyCount "40"]
[EventDate "2018.09.02"]
[EventType "team-tourn"]
[EventRounds "11"]
[EventCountry "GER"]
[SourceTitle "EXT 2022"]
[Source "ChessBase"]
[SourceDate "2021.10.06"]
[SourceVersion "1"]
[SourceVersionDate "2021.10.06"]
[SourceQuality "1"]
[WhiteTeam "Rheinbacher SF"]
[BlackTeam "Bruehl II"]
[WhiteTeamCountry "GER"]
[BlackTeamCountry "GER"]

1. d4 d6 2. c4 f5 3. Nf3 Nf6 4. Nc3 g6 5. g3 Bg7 6. Bg2 e6 7. 0-0 0-0 8. Qd3 Nc6 9. Rd1 Qe7 10. b3 e5 11. dxe5 dxe5 12. e4 fxe4 13. Nxe4 Rd8 14. Nxf6+ Bxf6 15. Qe2 Rxd1+ 16. Qxd1 e4 17. Ng5 Bxa1 18. Qd5+ Kg7 19. Ba3 Qf6 20. Nxe4 Qe5 0-1

[Event "Mittelrhein Verbandsliga-S 18/19"]
[Site "Nordrheinwestfalen"]
[Date "2018.09.02"]
[Round "1.3"]
[White "Linnemann, Ralf"]
[Black "Hank, Holger"]
[Result "1/2-1/2"]
[WhiteElo "2097"]
[BlackElo "1929"]
[PlyCount "44"]
[EventDate "2018.09.02"]
[EventType "team-tourn"]
[EventRounds "11"]
[EventCountry "GER"]
[SourceTitle "EXT 2022"]
[Source "ChessBase"]
[SourceDate "2021.10.06"]
[SourceVersion "1"]
[SourceVersionDate "2021.10.06"]
[SourceQuality "1"]
[WhiteTeam "St Augustin Turm"]
[BlackTeam "Bruehl II"]
[WhiteTeamCountry "GER"]
[BlackTeamCountry "GER"]

1. e4 e6 2. d4 d5 3. Nd2 Nf6 4. Bd3 c5 5. c3 Nc6 6. Ngf3 cxd4 7. cxd4 dxe4 8. Nxe4 Be7 9. 0-0 0-0 10. Nc3 b6 11. Re1 Bb7 12. a3 Rc8 13. Bc2 Rc7 14. Be3 Qa8 15. Qe2 Na5 16. Nb5 Rcc8 17. Rac1 a6 18. Nc3 b5 19. Ne5 Nc4 20. Bd3 Nb6 21. b4 Rfd8 22. Bb1 Nbd5 1/2-1/2

[Event "Mittelrhein Verbandsliga-O 16/17"]
[Site "Nordrheinwestfalen"]
[Date "2017.01.08"]
[Round "6"]
[White "Hank, Holger"]
[Black "Porten, Daniel"]
[Result "1/2-1/2"]
[WhiteElo "1895"]
[BlackElo "1891"]
[PlyCount "58"]
[EventDate "2016.09.11"]
[EventType "team-tourn"]
[EventRounds "11"]
[EventCountry "GER"]
[SourceTitle "EXT 2022"]
[Source "ChessBase"]
[SourceDate "2021.10.06"]
[SourceVersion "1"]
[SourceVersionDate "2021.10.06"]
[SourceQuality "1"]
[WhiteTeam "Koeln Lasker II"]
[BlackTeam "Niederkassel II"]
[WhiteTeamCountry "GER"]
[BlackTeamCountry "GER"]

1. g3 e6 2. Bg2 f5 3. c4 Nf6 4. e3 d5 5. Nc3 c6 6. b3 Bd6 7. Bb2 0-0 8. Nf3 Qe7 9. 0-0 Nbd7 10. d3 Ba3 11. Bxa3 Qxa3 12. e4 fxe4 13. Ng5 Nc5 14. cxd5 exd5 15. dxe4 h6 16. e5 hxg5 17. exf6 Rxf6 18. Qh5 Bf5 19. Qxg5 d4 20. Ne2 Qb2 21. Nf4 Raf8 22. Nh5 Rg6 23. Qe7 Nd3 24. Qxb7 Bg4 25. Nxg7 Rxg7 26. Qxc6 Nxf2 27. Bd5+ Kh7 28. Be4+ Kg8 29. Bd5+ Kh7 1/2-1/2

[Event "Mittelrhein Verbandsliga-O 16/17"]
[Site "Nordrheinwestfalen"]
[Date "2016.10.23"]
[Round "3"]
[White "Raabe, Joachim"]
[Black "Hank, Holger"]
[Result "0-1"]
[WhiteElo "1778"]
[BlackElo "1887"]
[PlyCount "84"]
[EventDate "2016.09.11"]
[EventType "team-tourn"]
[EventRounds "11"]
[EventCountry "GER"]
[SourceTitle "EXT 2022"]
[Source "ChessBase"]
[SourceDate "2021.10.06"]
[SourceVersion "1"]
[SourceVersionDate "2021.10.06"]
[SourceQuality "1"]
[WhiteTeam "Bruehl II"]
[BlackTeam "Koeln Lasker II"]
[WhiteTeamCountry "GER"]
[BlackTeamCountry "GER"]

1. e4 e6 2. d4 d5 3. exd5 exd5 4. Bd3 Nc6 5. Nf3 Bd6 6. 0-0 Bg4 7. c3 Nge7 8. Re1 Qd7 9. Bg5 f6 10. Bh4 0-0-0 11. Nbd2 g5 12. Bg3 Bxg3 13. fxg3 h5 14. b4 Rdg8 15. b5 Nd8 16. Re3 Nf5 17. Bxf5 Bxf5 18. Qa4 Kb8 19. Rae1 h4 20. c4 hxg3 21. hxg3 Re8 22. Ra3 Rxe1+ 23. Nxe1 Qe6 24. Nef3 g4 25. Nh4 Qe1+ 26. Nf1 Be4 27. Qxa7+ Kc8 28. Re3 Qd1 29. cxd5 Bd3 30. Rxd3 Qxd3 31. Qc5 Rh5 32. b6 c6 33. Qd6 Qxd4+ 34. Kh2 Qxb6 35. Qxf6 Rxd5 36. Nf5 Rd1 37. N1e3 Re1 38. Qe5 Qc7 39. Qc3 Qh7+ 40. Nh4 Qb1 41. Qxe1 Qxe1 42. Nxg4 Qe6 0-1

[Event "Mittelrhein Verbandsliga-O 15/16"]
[Site "Nordrheinwestfalen"]
[Date "2016.02.21"]
[Round "8"]
[White "Hank, Holger"]
[Black "Kroener, Alexander"]
[Result "1/2-1/2"]
[WhiteElo "1877"]
[BlackElo "1918"]
[PlyCount "83"]
[EventDate "2015.09.06"]
[EventType "team-tourn"]
[EventRounds "11"]
[EventCountry "GER"]
[SourceTitle "EXT 2022"]
[Source "ChessBase"]
[SourceDate "2021.10.06"]
[SourceVersion "1"]
[SourceVersionDate "2021.10.06"]
[SourceQuality "1"]
[WhiteTeam "Koeln Lasker II"]
[BlackTeam "Niederkassel II"]
[WhiteTeamCountry "GER"]
[BlackTeamCountry "GER"]

1. Nf3 d5 2. c4 d4 3. b4 g6 4. g3 Bg7 5. d3 c5 6. Bg2 cxb4 7. a3 bxa3 8. Nxa3 Nc6 9. 0-0 e5 10. Qa4 Nge7 11. Nc2 0-0 12. Ba3 Re8 13. Rab1 Qc7 14. Nb4 Rd8 15. Rfc1 Nxb4 16. Qxb4 Nc6 17. Qb3 Rb8 18. Ng5 h6 19. Ne4 b6 20. h3 Be6 21. Qa4 f5 22. Nd6 Na5 23. c5 bxc5 24. Nb5 Bd7 25. Bxc5 Bxb5 26. Rxb5 Rxb5 27. Qxb5 Rb8 28. Qa6 Nb3 29. Bd5+ Kh7 30. Bxb3 Rxb3 31. Qxa7 Qxa7 32. Bxa7 Rc3 33. Rb1 Rc2 34. Kf1 Ra2 35. Bb8 Ra6 36. Rb5 Ra1+ 37. Kg2 e4 38. Rb7 Kg8 39. Rb3 Ra2 40. Kf1 Ra1+ 41. Kg2 Ra2 42. Kf1 1/2-1/2

[Event "Mittelrhein Verbandsliga-O 15/16"]
[Site "Nordrheinwestfalen"]
[Date "2015.12.13"]
[Round "5"]
[White "Karmann, Alexander"]
[Black "Hank, Holger"]
[Result "0-1"]
[WhiteElo "1865"]
[BlackElo "1877"]
[PlyCount "110"]
[EventDate "2015.09.06"]
[EventType "team-tourn"]
[EventRounds "11"]
[EventCountry "GER"]
[SourceTitle "EXT 2022"]
[Source "ChessBase"]
[SourceDate "2021.10.06"]
[SourceVersion "1"]
[SourceVersionDate "2021.10.06"]
[SourceQuality "1"]
[WhiteTeam "Porz SG IV"]
[BlackTeam "Koeln Lasker II"]
[WhiteTeamCountry "GER"]
[BlackTeamCountry "GER"]

1. e4 e6 2. d4 d5 3. exd5 exd5 4. Bd3 Nc6 5. c3 Bd6 6. Nf3 Nge7 7. Qc2 Bg4 8. Nbd2 Qd7 9. h3 Bh5 10. g4 Bg6 11. Nf1 0-0-0 12. Bg5 f6 13. Bh4 Bxd3 14. Qxd3 Ng6 15. 0-0-0 Rde8 16. Ne3 Bf4 17. Rde1 Re6 18. Kc2 Nce7 19. Ng2 Qa4+ 20. Kb1 Ra6 21. a3 Bd6 22. Qc2 Qb5 23. Kc1 Nc6 24. Qe2 Qb3 25. Qc2 Qa2 26. Qb1 Rxa3 27. Qf5+ Kb8 28. bxa3 Na5 29. Qc2 Bxa3+ 30. Kd1 Qc4 31. Ne3 Qa6 32. Bg3 Rd8 33. Nd2 Bd6 34. Nxd5 Bxg3 35. fxg3 Qd6 36. Qe4 Qxg3 37. Qe3 Qd6 38. Nb4 c5 39. dxc5 Qd7 40. Kc1 Ne5 41. Rd1 Qa4 42. Qe4 Qa3+ 43. Kc2 Qa4+ 44. Kb2 Rxd2+ 45. Rxd2 Nec4+ 46. Kc1 Nb3+ 47. Kd1 Nbxd2+ 48. Qc2 Ne3+ 49. Kxd2 Nxc2 50. Nxc2 Qc6 51. Re1 a5 52. Nd4 Qxc5 53. Re8+ Ka7 54. Ne6 Qd6+ 55. Nd4 Qh2+ 0-1

[Event "Mittelrhein Verbandsliga Ost 1415"]
[Site "Mittelrhein"]
[Date "2014.09.28"]
[Round "2.5"]
[White "Hank, Holger"]
[Black "Mihalevica, Diana"]
[Result "1-0"]
[WhiteElo "1826"]
[BlackElo "2000"]
[PlyCount "39"]
[EventDate "2014.09.07"]
[EventType "team-tourn"]
[EventRounds "11"]
[EventCountry "GER"]
[SourceTitle "EXT 2023"]
[Source "ChessBase"]
[SourceDate "2022.10.05"]
[SourceVersion "1"]
[SourceVersionDate "2022.10.05"]
[SourceQuality "1"]
[WhiteTeam "Koeln Lasker II"]
[BlackTeam "Koeln Porz III"]
[WhiteTeamCountry "GER"]
[BlackTeamCountry "GER"]

1. Nf3 Nf6 2. c4 e6 3. g3 d5 4. b3 c5 5. e3 Nc6 6. Bg2 Be7 7. 0-0 0-0 8. Bb2 a6 9. Qe2 b5 10. Rd1 Rb8 11. d4 bxc4 12. bxc4 dxc4 13. Na3 Qc7 14. Nxc4 cxd4 15. Nxd4 Nxd4 16. Bxd4 Rb4 17. Rac1 Rd8 18. Ne5 Rbxd4 19. exd4 Qb6 20. Nc6 1-0

[Event "Nord West Cup 04th"]
[Site "Bad Zwischenahn"]
[Date "2002.??.??"]
[Round "6"]
[White "Issing, Peter"]
[Black "Hank, Holger"]
[Result "1-0"]
[WhiteElo "2253"]
[BlackElo "2054"]
[PlyCount "61"]
[EventDate "2002.02.??"]
[EventType "swiss"]
[EventRounds "7"]
[EventCountry "GER"]
[SourceTitle "EXT 2003"]
[Source "ChessBase"]
[SourceDate "2002.11.25"]
[SourceVersion "1"]
[SourceVersionDate "2002.11.25"]
[SourceQuality "1"]

1. Nf3 g6 2. c4 Bg7 3. Nc3 e5 4. d4 exd4 5. Nxd4 Nc6 6. Nxc6 bxc6 7. g3 Ne7 8. Bg2 d6 9. Bg5 f6 10. Bf4 Be6 11. Qa4 0-0 12. 0-0 Qb8 13. b3 Bd7 14. c5 g5 15. Bd2 Rd8 16. Rac1 h6 17. Rfd1 d5 18. e4 f5 19. exf5 Nxf5 20. Re1 Qc8 21. Ne2 Re8 22. Bc3 Re7 23. Bxg7 Nxg7 24. Nd4 Rxe1+ 25. Rxe1 Qf8 26. Nxc6 Qxc5 27. Ne7+ Qxe7 28. Rxe7 Bxa4 29. Bxd5+ Kf8 30. Rf7+ Ke8 31. Rxg7 1-0

[Event "Nord West Cup 04th"]
[Site "Bad Zwischenahn"]
[Date "2002.??.??"]
[Round "2"]
[White "Markl, Martin"]
[Black "Hank, Holger"]
[Result "1-0"]
[WhiteElo "2299"]
[BlackElo "2054"]
[PlyCount "41"]
[EventDate "2002.02.??"]
[EventType "swiss"]
[EventRounds "7"]
[EventCountry "GER"]
[SourceTitle "EXT 2003"]
[Source "ChessBase"]
[SourceDate "2002.11.25"]
[SourceVersion "1"]
[SourceVersionDate "2002.11.25"]
[SourceQuality "1"]

1. d4 Nf6 2. c4 c5 3. d5 e5 4. Nc3 d6 5. e4 Be7 6. Bd3 0-0 7. Nge2 Nh5 8. Be3 Bg5 9. Qd2 Bxe3 10. Qxe3 a6 11. f3 g6 12. 0-0-0 f5 13. exf5 Bxf5 14. g4 Bxd3 15. gxh5 Bf5 16. Rdg1 Qh4 17. hxg6 hxg6 18. Ng3 Kf7 19. Nce4 Ke7 20. Nxf5+ gxf5 21. Rg7+ 1-0

[Event "Cologne-ch"]
[Site "Cologne"]
[Date "2000.02.26"]
[Round "6"]
[White "Hank, Holger"]
[Black "Meinhardt, Guenther"]
[Result "1-0"]
[WhiteElo "1968"]
[BlackElo "1727"]
[PlyCount "141"]
[EventDate "2000.01.??"]
[EventType "swiss"]
[EventRounds "7"]
[EventCountry "GER"]
[SourceTitle "EXT 2005"]
[Source "ChessBase"]
[SourceDate "2004.11.15"]
[SourceVersion "1"]
[SourceVersionDate "2004.11.15"]
[SourceQuality "1"]

1. c4 Nf6 2. g3 d5 3. cxd5 Nxd5 4. Bg2 e5 5. d3 Bb4+ 6. Nd2 0-0 7. Ngf3 Nc6 8. 0-0 Bg4 9. Nc4 Bxf3 10. Bxf3 Re8 11. Qb3 Nd4 12. Qd1 Nxf3+ 13. exf3 Nb6 14. a3 Bc5 15. Re1 Qf6 16. Na5 Nd5 17. Kg2 Bxf2 18. Re4 Bb6 19. Nc4 Bd4 20. Qb3 Nb6 21. Na5 Nd7 22. Qc2 Nc5 23. Re1 Qb6 24. Nc4 Qb3 25. Qxb3 Nxb3 26. Rb1 Nc5 27. Rd1 Rad8 28. Kf1 Re6 29. Ke2 f5 30. Bd2 e4 31. dxe4 fxe4 32. Bf4 exf3+ 33. Kxf3 b5 34. Na5 Rf6 35. Kg4 Ne6 36. Nc6 h5+ 37. Kh4 Rd7 38. Be5 g5+ 39. Kxh5 Ng7+ 40. Kg4 Rxc6 41. Rxd4 Rxd4+ 42. Bxd4 Rc4 43. Kxg5 Rxd4 44. h4 c5 45. Re1 Rd5+ 46. Kg6 Rd6+ 47. Kg5 Ne6+ 48. Kg4 a5 49. h5 Kg7 50. Re5 Rc6 51. Kf5 Nd4+ 52. Ke4 Kf6 53. g4 Re6 54. g5+ Kf7 55. Kd5 Rxe5+ 56. Kxe5 Nf3+ 57. Kd5 c4 58. g6+ Kf6 59. Kc5 b4 60. Kxc4 bxa3 61. bxa3 Ne5+ 62. Kb5 Nd3 63. Kxa5 Nf4 64. a4 Nxh5 65. Kb6 Ke6 66. Kc6 Nf4 67. g7 Kf7 68. a5 Nd3 69. Kb5 Nf4 70. a6 Nd5 71. a7 1-0

[Event "Monarch Assurance 08th"]
[Site "Port Erin"]
[Date "1999.11.11"]
[Round "6"]
[White "Hank, Holger"]
[Black "Gill, Neville BK"]
[Result "0-1"]
[WhiteElo "2063"]
[BlackElo "2040"]
[PlyCount "68"]
[EventDate "1999.11.06"]
[EventType "swiss"]
[EventRounds "9"]
[EventCountry "IOM"]
[SourceTitle "CBM 074"]
[Source "ChessBase"]
[SourceDate "2000.02.01"]
[SourceVersion "1"]
[SourceVersionDate "2000.02.01"]
[SourceQuality "1"]

1. d4 d5 2. Nf3 Nf6 3. e3 c6 4. Ne5 Nfd7 5. Nf3 g6 6. c4 dxc4 7. Bxc4 Nb6 8. Bb3 Bg7 9. 0-0 0-0 10. Nc3 Bg4 11. h3 Bxf3 12. Qxf3 N8d7 13. Rd1 e5 14. d5 c5 15. d6 c4 16. Bc2 Nc5 17. Ne4 Nd3 18. Bxd3 cxd3 19. Nc5 Qxd6 20. Nxb7 Qe7 21. Na5 e4 22. Qf4 Rfc8 23. Rd2 Rc7 24. Rb1 Rac8 25. Rd1 Be5 26. Qh6 Rc2 27. Nb3 Qf6 28. Nd2 Qc6 29. Nb3 Qa4 30. f4 Bg7 31. Qg5 Qxa2 32. Nd2 f5 33. g4 Nc4 34. Nxc4 Qxb1 0-1